Top 10 VGC Pokémon of Each type - Statistics

General Stats
  • This quiz has been taken 47 times
    27 since last reset
  • The average score is 135 of 180
Answer Stats
Type Ranking Answer % Correct
Fire 2 (Flying) Charizard
100%
Flying 6 (Fire) Charizard
100%
Ghost 2 (Fairy) Flutter Mane
100%
Fairy 4 (Ghost) Flutter Mane
100%
Dragon 1 (Ground) Garchomp
100%
Ground 3 (Dragon) Garchomp
100%
Ground 1 Groudon
100%
Fire 4 (Steel) Heatran
100%
Steel 1 (Fire) Heatran
100%
Fire 1 (Dark) Incineroar
100%
Dark 1 (Fire) Incineroar
100%
Fire 3 (Ground) Primal Groudon
100%
Electric 2 (Fairy) Tapu Koko
100%
Fairy 3 (Electric) Tapu Koko
100%
Fairy 6 (Psychic) Tapu Lele
100%
Psychic 5 (Fairy) Tapu Lele
100%
Ice 1 (Dark) Chien-Pao
92%
Dark 4 (Ice) Chien-Pao
92%
Dragon 4 (Ghost) Dragapult
92%
Ghost 5 (Dragon) Dragapult
92%
Dragon 9 (Flying) Dragonite
92%
Fairy 8 (Dark) Grimmsnarl
92%
Dark 5 (Fairy) Grimmsnarl
92%
Dragon 3 (Dark) Hydreigon
92%
Dark 3 (Dragon) Hydreigon
92%
Normal 5 (Psychic) Indeedee
92%
Psychic 9 (Psychic) Indeedee
92%
Electric 4 (Fighting) Iron Hands
92%
Fighting 2 (Electric) Iron Hands
92%
Water 1 Kyogre
92%
Ground 2 (Flying) Landorus
92%
Flying 1 (Ground) Landorus
92%
Ice 4 (Ground) Mamoswine
92%
Ground 8 (Ice) Mamoswine
92%
Dragon 5 (Flying) Rayquaza
92%
Flying 4 (Dragon) Rayquaza
92%
Electric 3 (Varies) Rotom
92%
Fire 8 (Electric) Rotom-Heat
92%
Water 8 (Electric) Rotom-Wash
92%
Water 3 (Fairy) Tapu Fini
92%
Fairy 5 (Water) Tapu Fini
92%
Electric 1 (Flying) Thundurus
92%
Flying 3 (Electric) Thundurus
92%
Flying 5 Tornadus
92%
Fighting 1 (Varies) Urshifu
92%
Water 2 (Fighting) Urshifu-Rapid Strike
92%
Dark 6 (Fighting) Urshifu-Single Strike
92%
Bug 1 (Fire) Volcarona
92%
Fairy 1 Xerneas
92%
Steel 3 (Fairy) Zacian
92%
Fairy 2 (Steel) Zacian
92%
Grass 1 (Poison) Amoonguss
85%
Poison 1 (Grass) Amoonguss
85%
Fire 6 (Dark) Chi-Yu
85%
Dragon 8 (Steel) Dialga
85%
Water 4 (Ground) Gastrodon
85%
Ground 4 (Water) Gastrodon
85%
Ghost 1 (Poison) Gengar
85%
Poison 2 (Ghost) Gengar
85%
Water 5 (Grass) Ludicolo
85%
Grass 7 (Water) Ludicolo
85%
Ghost 3 (Psychic) Lunala
85%
Psychic 3 (Ghost) Lunala
85%
Poison 4 (Rock) Nihilego
85%
Rock 4 (Poison) Nihilego
85%
Water 7 (Dragon) Palkia
85%
Dragon 2 (Flying) Salamence
85%
Flying 2 (Dragon) Salamence
85%
Bug 2 (Steel) Scizor
85%
Steel 6 (Bug) Scizor
85%
Normal 4 Smeargle
85%
Normal 2 Snorlax
85%
Fire 5 (Flying) Talonflame
85%
Flying 7 (Fire) Talonflame
85%
Normal 7 (Ground) Ursaluna
85%
Ground 5 (Normal) Ursaluna
85%
Electric 5 (Flying) Zapdos
85%
Steel 10 (Psychic) Bronzong
77%
Psychic 8 (Steel) Bronzong
77%
Psychic 2 (Varies) Calyrex
77%
Ice 2 (Psychic) Calyrex-Ice Rider
77%
Ghost 4 (Psychic) Calyrex-Shadow Rider
77%
Fire 10 (Ghost) Chandelure
77%
Normal 6 (Psychic) Farigiraf
77%
Psychic 10 (Fairy) Gardevoir
77%
Dragon 10 (Fighting) Kommo-o
77%
Ground 7 (Dark) Krookodile
77%
Dark 7 (Ground) Krookodile
77%
Steel 2 (Psychic) Metagross
77%
Psychic 6 (Steel) Metagross
77%
Ghost 6 (Fairy) Mimikyu
77%
Grass 4 (Varies) Ogerpon
77%
Fire 9 (Grass) Ogerpon-Hearthflame
77%
Rock 9 (Fire) Ogerpon-Hearthstone
77%
Grass 2 Rillaboom
77%
Fighting 6 (Dark) Scrafty
77%
Dark 9 (Fighting) Scrafty
77%
Bug 8 (Ghost) Shedinja
77%
Ghost 10 (Bug) Shedinja
77%
Rock 1 (Dark) Tyranitar
77%
Dark 2 (Rock) Tyranitar
77%
Grass 8 (Poison) Venusaur
77%
Poison 3 (Grass) Venusaur
77%
Ice 8 (Dark) Weavile
77%
Grass 6 (Fairy) Whimsicott
77%
Fairy 7 (Grass) Whimsicott
77%
Ghost 9 (Steel) Aegislash
69%
Bug 5 (Water) Araquanid
69%
Fire 7 Arcanine
69%
Rock 6 (Fire) Arcanine-Hisui
69%
Ice 7 (Dragon) Baxcalibur
69%
Steel 4 (Flying) Celesteela
69%
Flying 9 (Steel) Celesteela
69%
Grass 5 (Steel) Ferrothorn
69%
Ice 5 (Water) Iron Bundle
69%
Ice 10 (Water) Lapras
69%
Dragon 7 (Psychic) Latios
69%
Psychic 7 (Dragon) Latios
69%
Ice 3 (Fairy) Ninetales-Alola
69%
Normal 3 Porygon 2
69%
Electric 6 (Dragon) Raging Bolt
69%
Dragon 6 (Electric) Raging Bolt
69%
Fighting 8 (Poison) Sneasler
69%
Poison 5 (Fighting) Sneasler
69%
Steel 7 (Rock) Stakataka
69%
Rock 2 (Steel) Stakataka
69%
Fighting 10 (Poison) Toxicroak
69%
Poison 8 (Fighting) Toxicroak
69%
Poison 7 (Fairy) Weezing-Galar
69%
Grass 10 (Ice) Abomasnow
62%
Ice 6 (Grass) Abomasnow
62%
Fighting 3 Conkeldurr
62%
Psychic 1 Cresselia
62%
Poison 6 (Flying) Crobat
62%
Bug 3 (Steel) Escavalier
62%
Steel 9 (Ground) Excadrill
62%
Ground 6 (Steel) Excadrill
62%
Ghost 8 (Steel) Gholdengo
62%
Steel 8 (Ghost) Gholdengo
62%
Water 9 (Flying) Gyarados
62%
Flying 8 (Water) Gyarados
62%
Fighting 4 Hitmontop
62%
Grass 3 (Steel) Kartana
62%
Steel 5 (Grass) Kartana
62%
Fairy 9 (Steel) Mawile
62%
Electric 8 (Dragon) Miraidon
62%
Ground 10 (Poison) Nidoking
62%
Poison 10 (Ground) Nidoqueen
62%
Electric 9 Raichu
62%
Fighting 7 (Rock) Terrakion
62%
Rock 3 (Fighting) Terrakion
62%
Flying 10 (Fairy) Togekiss
62%
Bug 9 (Fighting) Buzzwole
54%
Rock 5 (Fire) Coalossal
54%
Fighting 5 Hariyama
54%
Grass 9 (Flying) Jumpluff
54%
Normal 1 Kangaskhan
54%
Ground 9 (Rock) Rhyperior
54%
Rock 8 (Ground) Rhyperior
54%
Dark 8 (Flying) Yveltal
54%
Fighting 9 (Steel?) Zamazenta
54%
Bug 6 Accelgor
46%
Rock 10 (Flying) Aerodactyl
46%
Bug 7 (Flying) Butterfree
46%
Psychic 4 Gothitelle
46%
Dark 10 (Flying) Moltres-Galar
46%
Water 6 Palafin
46%
Water 10 Politoed
46%
Electric 7 Regieleki
46%
Normal 9 Regigigas
46%
Fairy 10 Sylveon
46%
Normal 10 Ditto
38%
Ghost 7 Dusclops
38%
Bug 4 (Fighting) Pheromosa
38%
Bug 10 (Flying) Vivillon
38%
Rock 7 Gigalith
31%
Poison 9 (Dark) Muk-Alola
31%
Normal 8 Eevee
23%
Ice 9 Vanilluxe
23%
Electric 10 Manectric
15%
No matching quizzes found
Score Distribution
Percent of People with Each Score
Percentile by Number Answered
Your Score History
You have not taken this quiz since the last reset